Galgje #1 - Statistieken

Algemene statistieken
  • Deze quiz is 109 keer genomen
  • De gemiddelde score is 11 van 11
Antwoordstatistieken
Antwoord % Correct
E
99%
E
99%
D
97%
O
96%
O
96%
O
96%
R
95%
R
95%
W
94%
Z
94%
K
92%
Geen overeenkomende quizzen gevonden
Scoreverdeling
Procent van Mensen met Elke Score
Percentiel versus Aantal Correcte Antwoorden
Uw Scoregeschiedenis
U heeft deze quiz nog niet genomen